00721 a2200181 45000010006000000050017000060080041000230030015000640400040000790800022001192450022001412500011001632640047001743000018002215050264002391000018005037000018005212925020260407155601.0260407a1947 arg spa dAR-UNSa-BCEJYS aAR-UNSa-BCEJYSbspacAR-UNSa-BCEJYS a657xContabilidad10aSistemas modernos a3a. ed 1aBuenos Aires :bSelección Contablec1947 a230p.c20 cm. a1. Los libros de contabilidad - 2. El libro diario - 3. Errores y omisiones en el diario - 4. Utilidad práctica del diario - 5. Sistemas modernos del libro diario - 6. El libro mayor - 7. Control del sistema contable - 9. Documentación de las operaciones.1 aSeoane, Jorge1 aRaul, Joaquin